Think tanks, decisores gubernamentales y actores políticos (Registro nro. 3886)

Detalles MARC
000 -LEADER
fixed length control field 01187 a2200253 4500
001 - CONTROL NUMBER
control field 45035
005 - DATE AND TIME OF LATEST TRANSACTION
control field 20260407155725.0
008 - FIXED-LENGTH DATA ELEMENTS--GENERAL INFORMATION
fixed length control field 260407a2010 arg spa d
003 - CONTROL NUMBER IDENTIFIER
control field AR-UNSa-BCEJYS
040 ## - CATALOGING SOURCE
Original cataloging agency AR-UNSa-BCEJYS
Language of cataloging spa
Transcribing agency AR-UNSa-BCEJYS
080 ## - UNIVERSAL DECIMAL CLASSIFICATION NUMBER
Universal Decimal Classification number 304.4
Common auxiliary subdivision Aspectos generales de las políticas y prácticas sociales y culturales (política social)
020 ## - INTERNATIONAL STANDARD BOOK NUMBER
International Standard Book Number 978-987-26589-0-8
041 ## - LANGUAGE CODE
Language code of text/sound track or separate title spa
100 1# - MAIN ENTRY--PERSONAL NAME
Personal name Lupica, Carina
245 10 - TITLE STATEMENT
Title Think tanks, decisores gubernamentales y actores políticos
Name of part/section of a work factores críticos para fortalecer el vínculo entre el conocimiento y las políticas públicas en Argentina
264 #1 - PRODUCTION, PUBLICATION, DISTRIBUTION, MANUFACTURE, AND COPYRIGHT NOTICE
Place of production, publication, distribution, manufacture Buenos Aires :
Name of producer, publisher, distributor, manufacturer Fundación Siena
Date of production, publication, distribution, manufacture, or copyright notice 2010
300 ## - PHYSICAL DESCRIPTION
Extent 77 p.
Dimensions 30 cm.
505 ## - FORMATTED CONTENTS NOTE
Formatted contents note 1.Think tanks y políticas pùblicas – 2. El mapa los de thinks en la Argentina – 3. Recursos humanos y financieros – 4. La generación y difusión del conocimiento – 5. La gestión de la incidencia – 6. Conclusiones.
590 ## - LOCAL NOTE (RLIN)
Local note niveau_biblio:m niveau_hierar:0
700 1# - ADDED ENTRY--PERSONAL NAME
Personal name Uña, Gerardo
700 1# - ADDED ENTRY--PERSONAL NAME
Personal name Strazza, Luciano
856 41 - ELECTRONIC LOCATION AND ACCESS
Uniform Resource Identifier <a href="https://www.biblioeco.unsa.edu.ar/pmb/images/libros/L127059.jpg">https://www.biblioeco.unsa.edu.ar/pmb/images/libros/L127059.jpg</a>
Link text Imagen de portada
Electronic format type image/jpeg
942 ## - ADDED ENTRY ELEMENTS (KOHA)
Koha item type
Existencias
Withdrawn status Lost status Damaged status Not for loan Home library Current library Shelving location Date acquired Total checkouts Full call number Barcode Date last seen Price effective from Koha item type
        Biblioteca Prof. Eusebio Cleto del Rey Biblioteca Prof. Eusebio Cleto del Rey   07/04/2026   304.4 U54 L127059 07/04/2026 07/04/2026 Libro